Score 0/20 Timer 07:00
0 Plays Today
Letters Answer % Correct
WET' + 1THEW/WHET
92.7%
WET' + 1TWEE/WEET
92.5%
WET' + 1WELT
90.6%
WET' + 1WEPT
86.8%
WET' + 1WEFT
81.7%
WET' + 2OWLET/TOWEL
75.8%
WET' + 2TEWED/TWEED
74%
WET' + 3TWENTY
65.1%
WET' + 2TWICE
64.2%
WET' + 2WHEAT
62%
Letters Answer % Correct
WET' + 2TWERP
53.3%
WET' + 3NEWEST/TWEENS
50.8%
WET' + 4SWEETEN
46.1%
WET' + 4TWINKLE
43.1%
WET' + 3THAWER/WREATH
39.9%
WET' + 3WAITER
38.5%
WET' + 4TWELFTH
35.4%
WET' + 3WATERY
33.8%
WET' + 4BETWIXT
32.2%
WET' + 4GATEWAY/GETAWAY
25.4%
Remove Ads.
Support Sporcle.
Get the best of Sporcle when you Go Orange. This ad-free experience offers more features, more stats, and more fun while also helping to support Sporcle. Thank you for becoming a member.

You're not logged in!

Compare scores with friends on all Sporcle quizzes.
OR
Log In

Sporcle TV

Today on Sporcle TV


Watch our educational content, quiz creation guides, and fun videos on Sporcle TV.

Show Comments

Extras

Top Quizzes Today


Score Distribution

Paid Content

Your Account Isn't Verified!

In order to create a playlist on Sporcle, you need to verify the email address you used during registration. Go to your Sporcle Settings to finish the process.

Report this User

Report this user for behavior that violates our Community Guidelines.

Details: